书目信息 |
| 题名: |
工业用水效率分析
|
|
| 作者: | 孙爱军 著 | |
| 分册: | ||
| 出版信息: | 北京 中国社会科学出版社 2009.12 |
|
| 页数: | 276页 | |
| 开本: | 21cm | |
| 丛书名: | ||
| 单 册: | ||
| 中图分类: | TU991.31 | |
| 科图分类: | ||
| 主题词: | 工业用水--效率--研究 , 工业用水 , 效率 | |
| 电子资源: | ||
| ISBN: | 978-7-5004-8470-7 | |
| 000 | 00992nam0 2200265 450 | |
| 001 | 012010056823 | |
| 005 | 20130609084815.92 | |
| 010 | @a978-7-5004-8470-7@dCNY26.00@z7-5004-8470-4 | |
| 100 | @a20100202d2009 em y0chiy0110 ea | |
| 101 | 0 | @achi |
| 102 | @aCN@b110000 | |
| 105 | @aak z 000yy | |
| 106 | @ar | |
| 200 | 1 | @a工业用水效率分析@9gong ye yong shui xiao lv fen xi@dThe analysis of efficiency about industrial water useage byaijun sun@f孙爱军著@zeng |
| 210 | @a北京@c中国社会科学出版社@d2009.12 | |
| 215 | @a276页@c图@d21cm | |
| 330 | @a本书是关于工业用书效率分析的研究。内容包括:生产视角下的工业用水技术效率测算与耗水量预测、工业用水技术效率与产值对废水排放量的脉冲响应等。 | |
| 510 | 1 | @aAnalysis of efficiency about industrial water useage byaijun sun@zeng |
| 606 | 0 | @a工业用水@x效率@x研究 |
| 606 | 0 | @a工业用水 |
| 606 | 0 | @a效率 |
| 690 | @aTU991.31@v4 | |
| 701 | 0 | @a孙爱军@9sun ai jun@f(1970~)@4著 |
| 801 | 0 | @aCN@bRENTIAN@c20100226 |
| 905 | @dTU991.31@e637 | |
| 工业用水效率分析=The analysis of efficiency about industrial water useage byaijun sun/孙爱军著.-北京:中国社会科学出版社,2009.12 |
| 276页:图;21cm |
| ISBN 978-7-5004-8470-7:CNY26.00 |
| 本书是关于工业用书效率分析的研究。内容包括:生产视角下的工业用水技术效率测算与耗水量预测、工业用水技术效率与产值对废水排放量的脉冲响应等。 |
| ● |
| 相关链接 |
|
|
|
|
正题名:工业用水效率分析
索取号:TU991.31/637
 
预约/预借
| 序号 | 登录号 | 条形码 | 馆藏地/架位号 | 状态 | 备注 |
| 1 | 0545946 | 205459467 | 第二样本阅览室/ [索取号:TU991.31/637] | 在馆 | |
| 2 | 0545947 | 205459476 | 第三借阅区/ [索取号:TU991.31/637] | 在馆 | |
| 3 | 0545948 | 205459485 | 第三借阅区/ [索取号:TU991.31/637] | 在馆 | |
| 4 | 0545949 | 205459494 | 第三借阅区/ [索取号:TU991.31/637] | 在馆 | |
| 5 | 0545950 | 205459500 | 第三借阅区/ [索取号:TU991.31/637] | 在馆 |